United States Subdivisions Quiz - Statistics

General Stats
  • This quiz has been taken 14 times
  • The average score is 33 of 67
Answer Stats
Type of Subdivision Subdivision % Correct
State Alabama
82%
State Alaska
73%
Territory American Samoa
73%
State Arkansas
73%
Federal District Washington D.C.
73%
State Arizona
64%
State California
64%
State Illinois
64%
Territory Puerto Rico
64%
State Texas
64%
State Washington
64%
State Wisconsin
64%
State Colorado
55%
State Connecticut
55%
State Delaware
55%
State Florida
55%
State Georgia
55%
Territory Guam
55%
State Hawaii
55%
State Idaho
55%
State Indiana
55%
State Iowa
55%
State Kansas
55%
State Kentucky
55%
State Louisiana
55%
State Maine
55%
State Maryland
55%
State Massachusetts
55%
State Michigan
55%
State Minnesota
55%
State Montana
55%
State Nebraska
55%
State New Hampshire
55%
State New Mexico
55%
State New York
55%
State North Carolina
55%
State North Dakota
55%
State Ohio
55%
State Oklahoma
55%
State Oregon
55%
State Pennsylvania
55%
State Rhode Island
55%
State South Carolina
55%
State South Dakota
55%
State Tennessee
55%
Territory United States Virgin Islands
55%
State Utah
55%
State Vermont
55%
State Virginia
55%
State Wyoming
55%
State Mississippi
45%
State Missouri
45%
State Nevada
45%
State New Jersey
45%
State West Virginia
45%
Territory Northern Mariana Islands
36%
US Minor Outlying Islands (Claimed by Marshall Islands) Wake Island
27%
Territory (Administered by Colombia) Bajo Nuevo Bank
9%
US Minor Outlying Islands Baker Island
9%
US Minor Outlying Islands Howland Island
9%
US Minor Outlying Islands Jarvis Island
9%
US Minor Outlying Islands Johnston Atoll
9%
US Minor Outlying Islands Kingman Reef
9%
US Minor Outlying Islands Midway Atoll
9%
US Minor Outlying Islands (Claimed by Haiti) Navassa Island
9%
US Minor Outlying Islands Palmyra Atoll
9%
Territory (Administered by Colombia) Serranilla Bank
9%
No matching quizzes found
Score Distribution
Percent of People with Each Score
Percentile by Number Answered
Your Score History
You have not taken this quiz